000 00585nam a2200229 i 4500
001 C2-0241685
003 PPAK
005 20180727203947.0
008 020813s1974 enk |||| ||||| | eng d
040 _aPPAK
_beng
_cPPAK
_erda
082 0 4 _a823
_223
090 0 0 _a823
_bWAL
_dKSI
100 1 _aWallace, Edgar,
_eauthor
245 1 0 _aOn the spot
264 1 _aLondon :
_bArrow Books Ltd. ,
_c1974
300 _a183 pages ;
_c18 cm
336 _2rdacontent
_atext
337 _2rdamedia
_aunmediated
338 _2rdacarrier
_avolume
650 1 0 _aEnglish fiction
942 _ddc
_cB
999 _c56632
_d56632